| 000 | 00494cam a2200193ua 4500 | ||
|---|---|---|---|
| 020 | _c1.50 | ||
| 041 |
_amal _h |
||
| 082 |
_a330.1 _bNAR/SA |
||
| 100 | _aNarasimhan, V.K . | ||
| 245 |
_aSadharanakkarante Dhanashasthram / _cV.K.Narasimhan. _hTextual Documents |
||
| 260 |
_aThuravoor : _bSree Narasimha Vilasam Book Depot , _c1960. |
||
| 300 | _a164 ; . | ||
| 365 | _a1.50 | ||
| 504 | _a | ||
| 700 | 1 | _aVasudevan, K . | |
| 942 | _cBK | ||
| 999 |
_c704 _d704 |
||